000 01019nam a2200313 i 4500
003 EG-GICUC
005 20260508083734.0
008 260508s1960 fr ||||fr|||| 00| 0 fre d
040 _aEG-GiCUC
_bfre
_cEG-GiCUC
_dEG-GiCUC
_eRda
041 0 _afre
082 0 4 _221
_a343.353
_bSA . R
092 0 4 _221
099 _aLaw1 10 343.353 SA . R 1960
100 1 _aSalomon, Jean
_eAuteur
245 1 4 _aLes réquisitions de police /
_cpar Jean Salomon ; préface de Georges Vedel
264 1 _aParis :
_bLibrairies techniques,
_c1960.
300 _a207 page ;
_c 24 cm.
_billustration ;
336 _2rda contenu
_a texte
337 _2rda medias
_aOrdinateur
338 _2 transporteur rda
_a Ressource en ligne
504 _aComprend des références bibliographiques.
546 _aTexte en français
650 1 _aDroit pénal
_2qrmak
651 1 _2qrmak
700 1 _aVedel, Georges
_ePréfacier
856 4 0 _uhttps://fll.law.cu.edu.eg/fulltext/bks/B10-11616.pdf
905 _a74
942 _2ddc
_n0
_cBK
_e21
999 _c76243
_d76243